Derecho contencioso electoral (Registro nro. 321184)

Detalles MARC
000 -ENCABEZADO
Número de control [NR] 00828nam a22002177a 4500
005 - FECHA Y HORA DE LA ÚLTIMA TRANSACCIÓN
control field 20220512142204.0
008 - DE LONGITUD FIJA DE DATOS DE ELEMENTOS - INFORMACIÓN GENERAL
Elementos de longitud fija [NR] 220512s2021 ck |||gr|||| 00| 0 spa d
020 ## - NUMERO INTERNACIONAL NORMALIZADO PARA LIBROS [R]
Número Internacional Normalizado del libro [NR] 9789587971477
040 ## - FUENTE DE CATALOGACION [NR]
Agencia de catalogación original [NR] CO-BoUCM
Idioma de catalogación [NR] spa
Quien Cataloga Deissy Garcia
Quien Clasifica Deissy Garcia
041 0# - CODIGO DE IDIOMA [R]
Código de idioma para texto/pista de sonido o título separado [R] Español
100 ## - ASIENTO PRINCIPAL--NOMBRE PERSONAL [NR]
ID Autoridad 77929
Nombre personal [NR] Calero Tafur, María Andrea
245 10 - MENCION DE TITULO [NR]
Título [NR] Derecho contencioso electoral
Parte restante del título [NR] actualizado con la ley 2080 de 2021
Mención de responsabilidad, etc. [NR] María Andrea Calero Tafur
260 ## - PUBLICACION, DISTRIBUCION, ETC. (PIE DE IMPRENTA) [R]
Lugar de publicación, distribución, etc. [R] Bogotá
Nombre del editor, distribuidor, etc. [R] Legis
Fecha de publicación, distribución, etc. [R] 2021
300 ## - DESCRIPCION FISICA [R]
Extensión [R] xvi, 147 páginas
504 ## - NOTA DE BIBLIOGRAFIA, ETC. [R]
Nota de bibliografía, etc. [NR] Incluye referencias bibliográficas
650 #0 - ASIENTO SECUNDARIO DE MATERIA - TERMINO TEMATICO [R]
9 (RLIN) 50104
Término temático o nombre geográfico como elemento de entrada [NR] Derecho electoral
Subdivisión geográfica [R] Colombia
650 #0 - ASIENTO SECUNDARIO DE MATERIA - TERMINO TEMATICO [R]
Término temático o nombre geográfico como elemento de entrada [NR] Recurso contencioso administrativo
Subdivisión general [R] Legislación
Subdivisión geográfica [R] Colombia
9 (RLIN) 102626
650 #0 - ASIENTO SECUNDARIO DE MATERIA - TERMINO TEMATICO [R]
Término temático o nombre geográfico como elemento de entrada [NR] Elecciones
Subdivisión general [R] Legislación
Subdivisión geográfica [R] Colombia
9 (RLIN) 174724
942 ## - ELEMENTOS DE ENTRADA AGREGADOS (KOHA)
Sistema de clasificación DEWEY
Tema principal Derecho
Tipo de ítem principal el descrito en 300a Libro
Edición 1
Clasificación 342.07
Parte restante de la signatura top. C149d
Título oculto en OPAC No
Existencias
Fecha de último préstamo Total préstamos Signatura topográfica Código de barras Última vez visto Ejemplar Costo de reposición Price effective from Tipo de ítem Perdido Sistema de clasificación Dañado No prestable Tipo de ítem específico Suprimido Ubicación habitual Ubicación actual Localización Fecha de creación Forma de adquisición Costo Total Renewals
06/10/2022 1 342.07 C149d 100170222 05/12/2025 Ej.1 26000.00 12/05/2022 Libro   DEWEY     Libro   Claustro Claustro 3er piso 12/05/2022 Donación 0.00  
28/10/2024 2 342.07 C149d 100170223 05/12/2025 Ej.2 26000.00 12/05/2022 Libro   DEWEY     Libro   Claustro Claustro 3er piso 12/05/2022 Donación 0.00 2
02/10/2025 1 342.07 C149d 100171251 05/12/2025 Ej.3 26000.00 21/03/2023 Libro   DEWEY     Libro   Claustro Claustro 3er piso 21/03/2023 Donación 0.00